000 00291nam a22001337a 4500
008 171012b xxu||||| |||| 00| 0 eng d
020 _a9780070343092
041 _aeng
080 _a316
100 _a50
101 _asoc
245 _aEVALUATING INFORMATION
_cKATZER, J
942 _2udc
_cBK
999 _c33395
_d33395